MARC

LEADER 00000nam0a2200000 4500
001 248618
005 20231101232414.0
035 |a (RuTPU)RU\TPU\book\270469 
090 |a 248618 
100 |a 20140124d1967 km y0rusy50 ca 
101 0 |a rus 
102 |a RU 
105 |a a z 001zy 
200 1 |a Действие ионизирующих излучений на металлы и сплавы  |f А. М. Шалаев  |g под ред. С. Т. Конобеевского 
210 |a Москва  |c Атомиздат  |d 1967 
215 |a 115 с.  |c ил. 
320 |a Библиогр.: с. 109-114. 
606 1 |a Металлы  |x Действие ионизирующих излучений  |2 stltpush  |3 (RuTPU)RU\TPU\subj\43025  |9 62612 
606 1 |a Сплавы  |x Действие ионизирующих излучений  |2 stltpush  |3 (RuTPU)RU\TPU\subj\55882  |9 73836 
606 1 |a Ионизирующие излучения  |x Действие на материалы  |x (физика)  |2 stltpush  |3 (RuTPU)RU\TPU\subj\13046  |9 39729 
610 1 |a радиоактивное излучение 
610 1 |a электроны 
610 1 |a облучение 
610 1 |a физические свойства 
610 1 |a диффузионные процессы 
610 1 |a электросопротивление 
610 1 |a кристаллические решетки 
675 |a 669:539  |v 3 
675 |a 669.018:53  |v 3 
675 |a 53.16.04  |v 3 
700 1 |a Шалаев  |b А. М.  |g Анатолий Михайлович 
702 1 |a Конобеевский  |b С. Т.  |4 340 
801 1 |a RU  |b 63413507  |c 20140124 
801 2 |a RU  |b 63413507  |c 20220512  |g RCR 
942 |c BK